[Event "Valle Region-ch U18"]
[Site "Ansermanuevo"]
[Date "2012.03.23"]
[Round "7.10"]
[White "Ramirez, Carlos Andres"]
[Black "Vergara Duran, Carlos Andres"]
[Result "1-0"]
[WhiteElo "1527"]
[BlackElo "1600"]
[PlyCount "34"]
[EventDate "2012.03.23"]
[EventType "swiss"]
[EventRounds "7"]
[EventCountry "COL"]
[SourceTitle "EXT 2024"]
[Source "ChessBase"]
[SourceDate "2023.10.10"]
[SourceVersion "1"]
[SourceVersionDate "2023.10.10"]
[SourceQuality "1"]

1. d4 Nc6 2. c4 e6 3. Nc3 Bb4 4. Nf3 Nf6 5. Bd2 0-0 6. a3 Bxc3 7. Bxc3 Qe8 8. e3 d5 9. c5 Ne4 10. Rc1 Qe7 11. Bb5 a6 12. Bxc6 bxc6 13. 0-0 Bb7 14. b4 h6 15. Nd2 Nxd2 16. Qxd2 a5 17. bxa5 Ba6 1-0